000 00754nam a22002297a 4500
999 _c156536
_d156536
005 20180920131411.0
006 a|||||f|||| 00| 0
007 tc
008 180720b xxu||||| |||| 00| 0 eng d
010 _aBR-001733-BR-001736
020 _c42.00(per set)
035 _a BR-001733
037 _bA.I.C.B.
082 _a570
100 _a Datta, Sukanya
245 _aSocial Life Of Animals
_cby Sukanya Datta
260 _aDelhi
_bA.C.I.B.
_cN.D.
270 _aSector-5, Rohini,
_bNew Delhi
_e110085
300 _a2V.,various pages.
_c30cm(HB).
942 _2ddc
_cBRLEN
_h570
_mDAT